00439nam a2200145Ia 4500008004100000041001200041082001100053100001500064245003700079260000600116650000600122942000700128999001700135952014100152221030s9999 xx 000 0 und d aEnglish a105.23 aP. L. Soni 0aOrganic Chemistrycby P. L. Soni c0 aB cBK c12405d12405 pB 3909l0o105.23 r2022-10-30 00:00:00w2022-10-30yBK003Print4070aMIETLIBbMIETLIBcBL-, FL-, CUP-0, SH-0, R-0d2012-06-1510HBE